000 00330nam a2200145Ia 4500
008 230917s9999||||xx |||||||||||||| ||und||
040 _e49913
_aMAIN
041 _aEnglish
082 _a181.4 T717J
100 _aTrehan, P L
245 0 _aJourney of life
260 _aDehradun
_bIntegral
_c1993
300 _a88 p.
942 _cBK
999 _c78936
_d78936